Score 0/20 Timer 04:00
0 Plays Today
Population Island Name % Correct
6 millionIreland
81.9%
19 millionMadagascar
81.2%
11 millionCuba
80%
57 millionGreat Britain
79.6%
124 millionJava
75.5%
21 millionSri Lanka
74.6%
103 millionHonshu
72.1%
22 millionTaiwan
68.7%
16 millionBorneo
68.7%
45 millionSumatra
66.2%
Population Island Name % Correct
5 millionHokkaido
59.9%
6 millionNew Guinea
51.2%
46 millionLuzon
43.3%
13 millionKyushu
38.3%
16 millionSulawesi
34%
7 millionLong Island
32.7%
20 millionMindanao
29%
17 millionHispanola
25.9%
8 millionHainan
17%
13 millionSalsette
8.8%
Remove Ads.
Support Sporcle.
Get the best of Sporcle when you Go Orange. This ad-free experience offers more features, more stats, and more fun while also helping to support Sporcle. Thank you for becoming a member.

You're not logged in!

Compare scores with friends on all Sporcle quizzes.
OR
Log In

Show Comments

Extras

Top Quizzes Today


Score Distribution

Your Account Isn't Verified!

In order to create a playlist on Sporcle, you need to verify the email address you used during registration. Go to your Sporcle Settings to finish the process.

Report this User

Report this user for behavior that violates our Community Guidelines.

Details: